Thorough-bass made easy /

Bibliographic Details
Main Author: Pasquali, Nicolo, approximately 1718-1757
Format: Musical Score Book
Language:English
Published: London : Oxford University Press, [1974]
Edition:Facsim. ed. /
Subjects:

MARC

Tag First Indicator Second Indicator Subfields
LEADER 00000ccm a2200000 a 4500
001 in00000074571
005 20151008053603.0
008 770520r19741763enk b n 10 eng
010 |a  75765751  
020 |a 0193223104 
035 |a (OCoLC)02981253 
035 |9 AAH7931AM 
040 |a DLC  |c EYW  |d OCL  |d TXA  |d UtOrBLW 
048 |a Ke01 
049 |a TXAM  |c [1406552] 
050 0 0 |a MT49  |b .P28 1763a 
100 1 |a Pasquali, Nicolo,  |d approximately 1718-1757. 
245 1 0 |a Thorough-bass made easy /  |c Nicolo Pasquali. 
250 |a Facsim. ed. /  |b edited with an introd by John Churchill. 
264 1 |a London :  |b Oxford University Press,  |c [1974] 
264 4 |c ©1974 
300 |a ix pages, 48 columns, 29 pages of music ;  |c 22 x 31 cm. 
336 |a notated music  |b ntm  |2 rdacontent 
337 |a unmediated  |b n  |2 rdamedia 
338 |a volume  |b nc  |2 rdacarrier 
500 |a Facsimile reprint. London : R. Bremner, 1763. 
504 |a Bibliography: pages v. 
650 0 |a Continuo. 
999 |a MARS 
999 f f |s 7b2e295c-452c-3cdb-ade4-3b05d1c78c87  |i 0c14ffad-63cd-3f85-909d-85a25b4d8c15  |t 0 
952 f f |p ric  |a Texas A&M University  |b Rellis Campus  |c Joint Library Facility  |d Remote Storage  |t 0  |e MT49 .P28 1763a  |h Library of Congress classification  |i unmediated -- volume  |m A14837151295 
998 f f |a MT49 .P28 1763a  |t 0  |l Remote Storage